[Event "FRA-chT2 West 0708"]
[Site "France"]
[Date "2008.01.19"]
[Round "5.4"]
[White "Goerlinger, Stephane"]
[Black "Laurent, Julien G"]
[Result "0-1"]
[WhiteElo "2210"]
[BlackElo "2316"]
[PlyCount "76"]
[EventDate "2007.10.21"]
[EventType "team-tourn"]
[EventRounds "11"]
[EventCountry "FRA"]
[SourceTitle "EXT 2009"]
[Source "ChessBase"]
[SourceDate "2008.11.26"]
[SourceVersion "1"]
[SourceVersionDate "2008.11.26"]
[SourceQuality "1"]
[WhiteTeam "Bagneux"]
[BlackTeam "Echiquier Berry Sologne"]
[WhiteTeamCountry "FRA"]
[BlackTeamCountry "FRA"]

1. e4 g6 2. d4 Bg7 3. Nf3 d6 4. Nc3 a6 5. Be3 b5 6. Bd3 Nd7 7. d5 Bb7 8. Bd4 Ngf6 9. 0-0 c5 10. dxc6 Bxc6 11. Nd2 0-0 12. a3 Re8 13. Qf3 Qc7 14. Nd5 Bxd5 15. exd5 Qb7 16. c4 bxc4 17. Bxc4 Nb6 18. Ba2 Rab8 19. Bxb6 Qxb6 20. b4 Rbc8 21. Qd3 Ng4 22. Nc4 Rxc4 23. Qxc4 Nxf2 24. Rxf2 Bxa1 25. Qc6 Qxc6 26. dxc6 e6 27. Rc2 d5 28. Kf2 Bd4+ 29. Ke2 Rc8 30. Kd3 Bb6 31. a4 Kf8 32. b5 axb5 33. axb5 Ke7 34. Bb3 Rd8 35. Rb2 Kd6 36. Bd1 e5 37. Kc2 f5 38. Kb3 e4 0-1

[Event "FRA-chT2 North 0607"]
[Site "France"]
[Date "2007.03.31"]
[Round "10.4"]
[White "Cheron, Stephane"]
[Black "Goerlinger, Stephane"]
[Result "0-1"]
[WhiteElo "2022"]
[BlackElo "2200"]
[PlyCount "90"]
[EventDate "2006.10.15"]
[EventType "team-tourn"]
[EventRounds "11"]
[EventCountry "FRA"]
[SourceTitle "EXT 2008"]
[Source "ChessBase"]
[SourceDate "2007.11.25"]
[SourceVersion "1"]
[SourceVersionDate "2007.11.25"]
[SourceQuality "1"]
[WhiteTeam "Arcueil"]
[BlackTeam "Bagneux"]
[WhiteTeamCountry "FRA"]
[BlackTeamCountry "FRA"]

1. e4 c5 2. Nf3 e6 3. d4 cxd4 4. Nxd4 Nf6 5. Bd3 Nc6 6. Nxc6 bxc6 7. 0-0 Qc7 8. Re1 e5 9. c4 Be7 10. Nc3 0-0 11. h3 d6 12. Qc2 Be6 13. Be3 Rfd8 14. Rad1 Rac8 15. a3 Qb8 16. Qb1 a5 17. Na4 Nd7 18. b3 h6 19. Bc2 Qb7 20. Qc1 Bf8 21. Qd2 Ra8 22. Qd3 Be7 23. Bc1 Nf8 24. Qg3 Ng6 25. Be3 Bh4 26. Qf3 Bg5 27. Bb6 Rd7 28. Qc3 Bd8 29. Be3 Rb8 30. Rd2 Bc7 31. Red1 Rbd8 32. f3 f6 33. Rf2 Bf7 34. Rfd2 Be6 35. Rf2 Ne7 36. f4 exf4 37. Bxf4 Ng6 38. Bxh6 gxh6 39. Rxf6 Rg7 40. e5 Nxe5 41. Rxe6 c5 42. g3 Rf8 43. Rxe5 dxe5 44. Rd5 Qc8 45. g4 Rxg4+ 0-1

[Event "FRA-chT2B 0506"]
[Site "France"]
[Date "2006.04.01"]
[Round "10.7"]
[White "Goerlinger, Stephane"]
[Black "Yacob, Francois"]
[Result "1-0"]
[WhiteElo "2176"]
[BlackElo "2177"]
[PlyCount "54"]
[EventDate "2005.10.27"]
[EventType "team-tourn"]
[EventRounds "11"]
[EventCountry "FRA"]
[SourceTitle "EXT 2006"]
[Source "ChessBase"]
[SourceDate "2005.11.24"]
[SourceVersion "1"]
[SourceVersionDate "2005.11.24"]
[SourceQuality "1"]
[WhiteTeam "Bagneux"]
[BlackTeam "Pontoise"]
[WhiteTeamCountry "FRA"]
[BlackTeamCountry "FRA"]

1. e4 c5 2. Nf3 e6 3. d4 cxd4 4. Nxd4 Nf6 5. Nc3 Nc6 6. Be2 d6 7. 0-0 Be7 8. Kh1 0-0 9. f4 Bd7 10. Be3 a6 11. Qe1 b5 12. Bf3 Rc8 13. a3 Qc7 14. Qg3 Na5 15. Rad1 Nc4 16. Bc1 Nxa3 17. e5 Ne8 18. Nd5 exd5 19. bxa3 dxe5 20. fxe5 Be6 21. Bg4 Qd7 22. Nf5 Rc4 23. Bh3 Kh8 24. Qf3 Bc5 25. Bg5 f6 26. exf6 gxf6 27. Bh6 Rg8 1-0

[Event "FRA-chT2B 0506"]
[Site "France"]
[Date "2006.01.14"]
[Round "5.7"]
[White "Lopez, Jordi"]
[Black "Goerlinger, Stephane"]
[Result "1-0"]
[WhiteElo "2252"]
[BlackElo "2183"]
[PlyCount "109"]
[EventDate "2005.10.27"]
[EventType "team-tourn"]
[EventRounds "11"]
[EventCountry "FRA"]
[SourceTitle "EXT 2006"]
[Source "ChessBase"]
[SourceDate "2005.11.24"]
[SourceVersion "1"]
[SourceVersionDate "2005.11.24"]
[SourceQuality "1"]
[WhiteTeam "Paris NAO II"]
[BlackTeam "Bagneux"]
[WhiteTeamCountry "FRA"]
[BlackTeamCountry "FRA"]

1. d4 Nf6 2. Nf3 g6 3. Bg5 Bg7 4. Nbd2 d5 5. e3 0-0 6. Bd3 Nbd7 7. 0-0 Re8 8. c4 c6 9. Rc1 e5 10. cxd5 cxd5 11. dxe5 Nxe5 12. Nxe5 Rxe5 13. Bf4 Re7 14. Nf3 Bg4 15. h3 Bxf3 16. Qxf3 Ne4 17. Rc2 Rc8 18. Rfc1 Rxc2 19. Rxc2 f5 20. Qd1 Rd7 21. Bb5 Rf7 22. Bc4 Rd7 23. Bb3 g5 24. Qc1 Qe7 25. Bb8 a6 26. Rc8+ Kf7 27. Qd1 Nf6 28. Ba7 Kg6 29. Bc2 Ne4 30. g4 fxg4 31. hxg4 Rc7 32. Qxd5 Rxc8 33. Qf5+ Kh6 34. Qxc8 Bxb2 35. Qf5 Nf6 36. Bc5 Qd8 37. Qf3 Qc8 38. Qh1+ Kg7 39. Bf5 Qc7 40. Qf3 b5 41. Bb4 a5 42. Bd2 b4 43. e4 h6 44. Qd3 Be5 45. Qb5 Bd4 46. Kg2 Kf7 47. Qa6 Qe5 48. Qb7+ Qe7 49. Bg6+ Kf8 50. Qa8+ Kg7 51. Bf5 Qc7 52. Qa6 Bb6 53. Qd3 Qf7 54. Qb5 Nxe4 55. Qxb6 1-0

[Event "FRA-chT2B 0506"]
[Site "France"]
[Date "2006.01.13"]
[Round "7.6"]
[White "Goerlinger, Stephane"]
[Black "Leitner, Walter"]
[Result "1-0"]
[WhiteElo "2176"]
[BlackElo "2115"]
[PlyCount "83"]
[EventDate "2005.10.27"]
[EventType "team-tourn"]
[EventRounds "11"]
[EventCountry "FRA"]
[SourceTitle "EXT 2006"]
[Source "ChessBase"]
[SourceDate "2005.11.24"]
[SourceVersion "1"]
[SourceVersionDate "2005.11.24"]
[SourceQuality "1"]
[WhiteTeam "Bagneux"]
[BlackTeam "Gif sur Yvette"]
[WhiteTeamCountry "FRA"]
[BlackTeamCountry "FRA"]

1. e4 c6 2. d4 d5 3. exd5 cxd5 4. c4 Nf6 5. Nc3 Nc6 6. Bg5 e6 7. cxd5 exd5 8. Bxf6 Qxf6 9. Nxd5 Qd6 10. Nc3 Qxd4 11. Qxd4 Nxd4 12. 0-0-0 Bc5 13. Na4 Ne6 14. Bb5+ Ke7 15. Nxc5 Nxc5 16. Nf3 Be6 17. Rhe1 a6 18. Bc4 Rac8 19. Kb1 Rhd8 20. Nd4 Kf6 21. Nxe6 Rxd1+ 22. Rxd1 Nxe6 23. Bd5 Rc7 24. g3 g5 25. Bf3 Ke7 26. Rd5 b6 27. b3 Rd7 28. Kb2 Rc7 29. Be2 a5 30. Bc4 a4 31. Rb5 axb3 32. Bxe6 Kxe6 33. Kxb3 f5 34. Rxb6+ Ke5 35. a4 Ke4 36. f4 g4 37. a5 Rc1 38. Rh6 Ra1 39. Kb4 Rb1+ 40. Kc5 Rb7 41. a6 Rg7 42. Kb6 1-0

[Event "FRA-chT2 0405"]
[Site "France"]
[Date "2004.11.06"]
[Round "2.8"]
[White "Goerlinger, Stephane"]
[Black "Surmont, Eric"]
[Result "1-0"]
[WhiteElo "2122"]
[BlackElo "1920"]
[PlyCount "159"]
[EventDate "2004.10.10"]
[EventType "team-tourn"]
[EventRounds "11"]
[EventCountry "FRA"]
[SourceTitle "EXT 2006"]
[Source "ChessBase"]
[SourceDate "2005.11.24"]
[SourceVersion "1"]
[SourceVersionDate "2005.11.24"]
[SourceQuality "1"]
[WhiteTeam "Bagneux"]
[BlackTeam "Neuville en Ferrain"]
[WhiteTeamCountry "FRA"]
[BlackTeamCountry "FRA"]

1. e4 c5 2. Nf3 d6 3. Nc3 a6 4. d4 cxd4 5. Nxd4 Nf6 6. Be3 e5 7. Nb3 Be7 8. f3 Be6 9. Qd2 Qc7 10. 0-0-0 0-0 11. g4 Rc8 12. g5 Nh5 13. Bd3 Nd7 14. Qf2 Rab8 15. Nd5 Bxd5 16. exd5 g6 17. Kb1 Re8 18. h4 Rbc8 19. c3 Bf8 20. Rh2 Bg7 21. Nd2 Nc5 22. Bc2 Nd7 23. Ne4 Ra8 24. Ng3 Nxg3 25. Qxg3 Nf8 26. h5 Re7 27. Rdh1 Rd8 28. Rh4 Rc8 29. Qh2 Bh8 30. Qf2 b5 31. Bb6 Qd7 32. Ba5 Qb7 33. Bb3 Rb8 34. Qe2 Qd7 35. Bc2 Qb7 36. Be4 Qd7 37. Qc2 Qe8 38. Bd3 Qd7 39. R1h2 Qe8 40. Qb3 Ra7 41. Be4 Qc8 42. Bc2 Qe8 43. Qb4 Qd7 44. Qe4 Rc8 45. Qd3 Qe8 46. Bb6 Rb7 47. Be3 Re7 48. Qe2 Rb7 49. Bd3 Qd7 50. Rb4 Rcb8 51. a3 Qe8 52. Qd1 Qd7 53. a4 Qe8 54. axb5 axb5 55. Qb3 Qd7 56. Rh1 Qe8 57. Kc2 Qd7 58. h6 Qe8 59. Ra1 Qc8 60. Ra5 Qh3 61. Be2 Qg2 62. Kd1 f6 63. gxf6 Bxf6 64. c4 Bg5 65. cxb5 Qh1+ 66. Kd2 Qxh6 67. Ra6 Nd7 68. Rxd6 Bxe3+ 69. Qxe3 Qf8 70. Rxg6+ hxg6 71. Rg4 Rb6 72. Bd3 Kg7 73. Rh4 Kg8 74. Rg4 Qf7 75. Ke2 Kg7 76. Rh4 Rh8 77. Rg4 Rh2+ 78. Kf1 Rxb2 79. Rh4 Kg8 80. d6 1-0

[Event "FRA-chT2 0405"]
[Site "France"]
[Date "2004.10.10"]
[Round "1.8"]
[White "Goerlinger, Stephane"]
[Black "Blery, Gilles"]
[Result "1-0"]
[WhiteElo "2158"]
[BlackElo "2122"]
[PlyCount "59"]
[EventDate "2004.10.10"]
[EventType "team-tourn"]
[EventRounds "11"]
[EventCountry "FRA"]
[SourceTitle "EXT 2006"]
[Source "ChessBase"]
[SourceDate "2005.11.24"]
[SourceVersion "1"]
[SourceVersionDate "2005.11.24"]
[SourceQuality "1"]
[WhiteTeam "Bagneux"]
[BlackTeam "Rosny sous Bois"]
[WhiteTeamCountry "FRA"]
[BlackTeamCountry "FRA"]

1. e4 c5 2. Nf3 e6 3. Nc3 Nc6 4. d4 cxd4 5. Nxd4 Nf6 6. Be2 d6 7. Be3 Be7 8. 0-0 0-0 9. f4 a6 10. Qe1 Qc7 11. Qg3 Re8 12. Rad1 Bd7 13. Kh1 Bf8 14. a3 Rac8 15. Bd3 Nxd4 16. Bxd4 e5 17. fxe5 dxe5 18. Be3 Nh5 19. Qh4 Nf4 20. Bxf4 exf4 21. e5 h6 22. Qxf4 Bc6 23. Rde1 Re7 24. Re2 Rce8 25. Bc4 g5 26. Qg4 Rxe5 27. Bxf7+ Qxf7 28. Rxf7 Rxe2 29. Rxf8+ Rxf8 30. Qxe2 1-0

[Event "Paris Apsap op 69th"]
[Site "Paris"]
[Date "2003.12.29"]
[Round "3"]
[White "Goerlinger, Stephane"]
[Black "Karim, Ismael"]
[Result "1-0"]
[WhiteElo "2112"]
[BlackElo "2177"]
[PlyCount "81"]
[EventDate "2003.12.31"]
[EventType "swiss"]
[EventRounds "7"]
[EventCountry "FRA"]
[SourceTitle "EXT 2005"]
[Source "ChessBase"]
[SourceDate "2004.11.15"]
[SourceVersion "1"]
[SourceVersionDate "2004.11.15"]
[SourceQuality "1"]

1. e4 c5 2. Nf3 e6 3. Nc3 a6 4. d4 cxd4 5. Nxd4 Qc7 6. Bd3 Nf6 7. 0-0 Nc6 8. Be3 Nxd4 9. Bxd4 Bc5 10. Bxc5 Qxc5 11. Qe2 d6 12. Rfe1 e5 13. Qe3 Qxe3 14. Rxe3 Be6 15. a4 Ke7 16. Nb1 Rhc8 17. Nd2 Rc7 18. c3 Nd7 19. g3 Nc5 20. Bf1 g5 21. f3 h5 22. a5 Nb3 23. Nxb3 Bxb3 24. c4 Bxc4 25. Rc1 d5 26. exd5 Bxf1 27. Rxc7+ Kd6 28. Rxf7 Bb5 29. Rf5 Rc8 30. Rexe5 Rc1+ 31. Kf2 Rc2+ 32. Ke1 Rxb2 33. Rxg5 Rxh2 34. Rxh5 Ra2 35. Re6+ Kc5 36. d6+ Kc6 37. Rh7 Ra1+ 38. Kd2 Ra2+ 39. Kc1 Kd5 40. Rg6 Kd4 41. Rc7 1-0

[Event "Martin Christoffel mem Blue corr"]
[Site "Switzerland"]
[Date "2003.08.28"]
[Round "?"]
[White "Goerlinger, Stephane"]
[Black "Weber, Jean Marie"]
[Result "1-0"]
[WhiteElo "2514"]
[BlackElo "2573"]
[PlyCount "83"]
[EventDate "2002.06.01"]
[EventType "tourn (corr)"]
[EventRounds "8"]
[EventCountry "SUI"]
[EventCategory "11"]
[SourceTitle "Corr 2006"]
[Source "ChessBase"]
[SourceDate "2006.04.01"]
[SourceVersion "3"]
[SourceVersionDate "2006.04.01"]
[SourceQuality "1"]

1. e4 c5 2. Nf3 d6 3. d4 cxd4 4. Nxd4 Nf6 5. Nc3 a6 6. Be3 e5 7. Nb3 Be7 8. f3 Be6 9. Qd2 0-0 10. 0-0-0 Nbd7 11. g4 Rc8 12. h4 b5 13. h5 b4 14. Nd5 Bxd5 15. exd5 Nb6 16. Bxb6 Qxb6 17. g5 Ne8 18. Kb1 f5 19. f4 a5 20. Qe1 Qc7 21. Bd3 Kh8 22. Nd4 exd4 23. Qe6 Qb7 24. Rde1 a4 25. h6 g6 26. Qxe7 Qxe7 27. Rxe7 Nc7 28. Bc4 Rfe8 29. Rhe1 Rxe7 30. Rxe7 Re8 31. Rxe8+ Nxe8 32. Kc1 Nc7 33. Kd2 a3 34. bxa3 bxa3 35. Bb3 Nb5 36. Kd3 Nc3 37. Kc4 Ne2 38. Kb5 Nc3+ 39. Kb4 Nb1 40. c4 dxc3 41. Bc2 Nd2 42. Kxa3 1-0

[Event "Martin Christoffel mem Blue corr"]
[Site "Switzerland"]
[Date "2002.06.01"]
[Round "?"]
[White "Goerlinger, Stephane"]
[Black "Sarink, Hendrik Bartus"]
[Result "1-0"]
[WhiteElo "2514"]
[BlackElo "2267"]
[PlyCount "65"]
[EventDate "2002.06.01"]
[EventType "tourn (corr)"]
[EventRounds "8"]
[EventCountry "SUI"]
[EventCategory "11"]
[SourceTitle "Corr 2006"]
[Source "ChessBase"]
[SourceDate "2006.04.01"]
[SourceVersion "3"]
[SourceVersionDate "2006.04.01"]
[SourceQuality "1"]

1. e4 e5 2. Nf3 Nc6 3. d4 exd4 4. Nxd4 Nf6 5. Nxc6 bxc6 6. e5 Qe7 7. Qe2 Nd5 8. c4 Ba6 9. b3 g6 10. f4 f6 11. exf6 Nxf6 12. Bb2 Kf7 13. Nc3 Qd6 14. Qf3 Re8+ 15. Be2 Bg7 16. f5 Qc5 17. 0-0-0 gxf5 18. Rhf1 Rhf8 19. Qxf5 Qe3+ 20. Kb1 Kg8 21. Rf3 Qe5 22. Qc2 Qe7 23. Bd3 Bc8 24. g4 d5 25. h3 d4 26. Na4 Ne4 27. Rxf8+ Kxf8 28. c5 Qe5 29. Bc4 Rd8 30. Rf1+ Bf6 31. Re1 Re8 32. Re2 Bg5 33. Bd3 1-0

[Event "FRA-chT2"]
[Site "France"]
[Date "2002.02.??"]
[Round "6"]
[White "Goerlinger, Stephane"]
[Black "Miraoui, Karim"]
[Result "0-1"]
[WhiteElo "2132"]
[BlackElo "2082"]
[PlyCount "50"]
[EventDate "2002.??.??"]
[EventType "team-tourn"]
[EventRounds "11"]
[EventCountry "FRA"]
[SourceTitle "EXT 2003"]
[Source "ChessBase"]
[SourceDate "2002.11.25"]
[SourceVersion "1"]
[SourceVersionDate "2002.11.25"]
[SourceQuality "1"]

1. e4 c5 2. g3 d5 3. exd5 Qxd5 4. Nf3 Bg4 5. Bg2 Qe4+ 6. Kf1 Nc6 7. Nc3 Qg6 8. h3 Bd7 9. d3 e5 10. Be3 0-0-0 11. Nh4 Qe6 12. Bd5 Qe8 13. Qf3 Nf6 14. a3 Nxd5 15. Nxd5 Nd4 16. Bxd4 cxd4 17. c4 dxc3 18. Nxc3 Qe6 19. a4 Bc6 20. Ne4 Qb3 21. Rd1 Bxe4 22. Qxe4 Qxd1+ 23. Kg2 Qxd3 24. Rc1+ Kb8 25. Qxe5+ Bd6 0-1